000 00441nam a2200169Ia 4500
003 OSt
005 20260313105719.0
008 211028s2013 xx 000 0 und d
040 _cAIMIT LIBRARY
041 _aeng
100 _aSupreetha; Kumar, Rakesh.
_g101807
_94013
110 _aVanitha T
_94014
245 _aHospital management system /
260 _aMangalore
_c2013
710 _aBridge eSolutions Group
_94015
942 _2ddc
_cPRO
999 _c217427
_d217427